000 00373pab a2200145 454500
008 180718b1987 xxu||||| |||| 00| 0 eng d
100 _aMant, John
245 _aPublic and government land - post colonial land system
260 _c1987
300 _a301-6
362 _aSept.
650 _aLand
773 _aAustralian Journal of Public Administration
909 _a12018
999 _c12018
_d12018